[Event "Majeur-chT 0001"]
[Site "France"]
[Date "2000.??.??"]
[Round "1"]
[White "Habib, George"]
[Black "Girard, Jean Pierre"]
[Result "0-1"]
[WhiteElo "1770"]
[BlackElo "2030"]
[PlyCount "60"]
[EventDate "2000.??.??"]
[EventType "team"]
[EventRounds "9"]
[EventCountry "FRA"]
[SourceTitle "EXT 2005"]
[Source "ChessBase"]
[SourceDate "2004.11.15"]
[SourceVersion "1"]
[SourceVersionDate "2004.11.15"]
[SourceQuality "1"]

1. e4 c5 2. Nf3 d6 3. d4 cxd4 4. Nxd4 Nf6 5. Nc3 a6 6. a4 b6 7. Bd3 e6 8. 0-0 Bb7 9. Kh1 Nbd7 10. f3 Be7 11. Be3 h5 12. Nb3 Ne5 13. Bd4 Nc6 14. Be3 h4 15. Qe1 Nd7 16. f4 Bf6 17. Nd1 Qc7 18. Rf3 h3 19. Rxh3 Rxh3 20. gxh3 Ke7 21. c3 Rh8 22. Nf2 Bh4 23. Qf1 Ncb8 24. Qg2 Nf6 25. Nd2 a5 26. Nf3 Nbd7 27. Kg1 Nc5 28. Bxc5 Qxc5 29. Nd4 Bxf2+ 30. Kxf2 e5 0-1

[Event "Toulon op 5th"]
[Site "Toulon"]
[Date "1999.10.30"]
[Round "1"]
[White "Collas, Didier"]
[Black "Habib, George"]
[Result "1-0"]
[WhiteElo "2359"]
[BlackElo "1840"]
[PlyCount "49"]
[EventDate "1999.10.??"]
[EventType "swiss"]
[EventRounds "9"]
[EventCountry "FRA"]
[SourceTitle "CBM 073 Extra"]
[Source "ChessBase"]
[SourceDate "2000.01.11"]
[SourceVersion "1"]
[SourceVersionDate "2000.01.11"]
[SourceQuality "1"]

1. e4 e6 2. d4 d5 3. Nc3 Nf6 4. Bg5 Be7 5. e5 Nfd7 6. Bxe7 Qxe7 7. f4 a6 8. Nf3 c5 9. dxc5 Qxc5 10. Qd4 Nc6 11. Qxc5 Nxc5 12. 0-0-0 b5 13. Nd4 Bd7 14. Nxc6 Bxc6 15. Rd4 Ke7 16. Be2 Rhd8 17. Kd2 Nd7 18. a4 Rdb8 19. axb5 axb5 20. Rb4 g5 21. fxg5 Nxe5 22. b3 Ra5 23. Rf1 Kd6 24. Rh4 Kc5 25. b4+ 1-0

[Event "Provence-ch access Meyreuil 9798"]
[Site "France"]
[Date "1998.??.??"]
[Round "7"]
[White "Habib, George"]
[Black "Magnier, Patrice"]
[Result "1/2-1/2"]
[WhiteElo "1800"]
[BlackElo "1940"]
[PlyCount "39"]
[EventDate "1997.??.??"]
[EventType "tourn"]
[EventRounds "9"]
[EventCountry "FRA"]
[SourceTitle "EXT 2005"]
[Source "ChessBase"]
[SourceDate "2004.11.15"]
[SourceVersion "1"]
[SourceVersionDate "2004.11.15"]
[SourceQuality "1"]

1. e4 e5 2. Nf3 Nc6 3. Bb5 a6 4. Ba4 Nf6 5. 0-0 Be7 6. Re1 b5 7. Bb3 0-0 8. c3 d5 9. d3 Bg4 10. Nbd2 Re8 11. h3 Be6 12. Nf1 Qd6 13. Ng3 Rad8 14. Qe2 d4 15. Bxe6 Qxe6 16. Nf5 Qd7 17. cxd4 Bb4 18. Bd2 Bxd2 19. Qxd2 g6 20. Qg5 1/2-1/2

[Event "Provence-ch Majeur op 9697"]
[Site "France"]
[Date "1997.??.??"]
[Round "4"]
[White "Habib, George"]
[Black "Nobili, Denis"]
[Result "0-1"]
[WhiteElo "1610"]
[BlackElo "1820"]
[PlyCount "52"]
[EventDate "1996.??.??"]
[EventType "swiss"]
[EventRounds "7"]
[EventCountry "FRA"]
[SourceTitle "EXT 2005"]
[Source "ChessBase"]
[SourceDate "2004.11.15"]
[SourceVersion "1"]
[SourceVersionDate "2004.11.15"]
[SourceQuality "1"]

1. e4 c5 2. Nf3 Nc6 3. d4 cxd4 4. Nxd4 e6 5. Be2 a6 6. 0-0 Qc7 7. c4 Nf6 8. Nxc6 bxc6 9. Qd3 Bc5 10. Kh1 0-0 11. f4 d5 12. cxd5 cxd5 13. Bf3 dxe4 14. Bxe4 Rd8 15. Qf3 Nxe4 16. Qxe4 Bb7 17. Qc2 Rac8 18. Nc3 Bd4 19. Bd2 Qc6 20. Be1 Qc4 21. Qe2 Be3 22. Qxc4 Rxc4 23. Rd1 Rxd1 24. Nxd1 Bxf4 25. Bc3 Bb8 26. Ne3 Rh4 0-1

[Event "Provence-ch access Meyreuil 9798"]
[Site "France"]
[Date "1997.??.??"]
[Round "1"]
[White "Jouanny, Sebastien"]
[Black "Habib, George"]
[Result "1/2-1/2"]
[WhiteElo "1720"]
[BlackElo "1800"]
[PlyCount "43"]
[EventDate "1997.??.??"]
[EventType "tourn"]
[EventRounds "9"]
[EventCountry "FRA"]
[SourceTitle "EXT 2005"]
[Source "ChessBase"]
[SourceDate "2004.11.15"]
[SourceVersion "1"]
[SourceVersionDate "2004.11.15"]
[SourceQuality "1"]

1. e4 e6 2. d4 d5 3. Nc3 Bb4 4. Nge2 Ne7 5. a3 Ba5 6. Bd2 dxe4 7. Nxe4 Bxd2+ 8. Qxd2 Nf5 9. 0-0-0 Nd6 10. N2g3 Bd7 11. Bd3 Bc6 12. f3 Nd7 13. Rhe1 Nf6 14. c3 Ba4 15. Bc2 Bxc2 16. Nxf6+ Qxf6 17. Qxc2 0-0-0 18. Kb1 Rd7 19. Ne4 Qg6 20. Nxd6+ cxd6 21. Qxg6 hxg6 22. h3 1/2-1/2

[Event "Provence-ch Majeur op 9697"]
[Site "France"]
[Date "1997.??.??"]
[Round "5"]
[White "Montagard, Guillaume"]
[Black "Habib, George"]
[Result "1-0"]
[WhiteElo "1820"]
[BlackElo "1610"]
[PlyCount "57"]
[EventDate "1996.??.??"]
[EventType "swiss"]
[EventRounds "7"]
[EventCountry "FRA"]
[SourceTitle "EXT 2005"]
[Source "ChessBase"]
[SourceDate "2004.11.15"]
[SourceVersion "1"]
[SourceVersionDate "2004.11.15"]
[SourceQuality "1"]

1. d4 Nf6 2. c4 e6 3. Nf3 d5 4. Nc3 Be7 5. Bf4 c6 6. Qc2 Nbd7 7. e4 dxe4 8. Ne5 0-0 9. Be2 a6 10. 0-0 c5 11. Rad1 cxd4 12. Rxd4 Qb6 13. Rfd1 Nc5 14. R4d2 h6 15. g4 Nd3 16. Bxd3 exd3 17. Rxd3 Qa5 18. Qe2 Nh7 19. Rh3 Rd8 20. Rxd8+ Qxd8 21. Ne4 Qe8 22. g5 f6 23. gxf6 Nxf6 24. Nxf6+ Bxf6 25. Qg4 Kh7 26. Qf3 Bxe5 27. Bxe5 Qg6+ 28. Rg3 Qb1+ 29. Kg2 1-0

[Event "Provence-ch access Vitrolles 9394"]
[Site "France"]
[Date "1993.??.??"]
[Round "8"]
[White "Habib, George"]
[Black "Poggio, Pierre"]
[Result "1/2-1/2"]
[WhiteElo "1740"]
[BlackElo "1760"]
[PlyCount "23"]
[EventDate "1993.??.??"]
[EventType "tourn"]
[EventRounds "9"]
[EventCountry "FRA"]
[SourceTitle "EXT 2005"]
[Source "ChessBase"]
[SourceDate "2004.11.15"]
[SourceVersion "1"]
[SourceVersionDate "2004.11.15"]
[SourceQuality "1"]

1. e4 a6 2. d4 b5 3. Be3 Bb7 4. f3 g6 5. Nd2 Bg7 6. Nb3 d6 7. Rb1 c6 8. Bd3 a5 9. Ne2 a4 10. Nd2 Qb6 11. Bf2 Na6 12. c3 1/2-1/2